Lexical Semantics for Terminology An Introduction

Gespeichert in:
Bibliographische Detailangaben
1. Verfasser: L'Homme, Marie-Claude
Format: Buch
Sprache:Englisch
Veröffentlicht: Amsterdam John Benjamins Publishing Company 2020
Schlagworte:
Tags: Tag hinzufügen
Keine Tags, Fügen Sie das erste Tag hinzu!

MARC

LEADER 00000nam a2200000 4500
001 0291504
005 20230427115046.2
020 |a 978-90-272-0468-4 
020 |a 978-90-272-0467-7 
041 0 |a eng 
044 |a NL 
245 1 0 |a Lexical Semantics for Terminology  |b An Introduction  |c Marie-Claude L'Homme 
264 1 |a Amsterdam  |b John Benjamins Publishing Company  |c 2020 
300 |a 263 s. 
610 2 0 |a jazykoveda 
610 2 0 |a sémantika 
610 2 0 |a terminológia 
610 2 0 |a lexikológia 
610 2 0 |a syntax 
100 1 |a L'Homme, Marie-Claude